Les albums d'Astérix - Statistiques

Statistiques générales
  • Ce quiz a été pris 589 fois
  • Le résultat moyen est 18 sur 35
Statistiques - réponses
Année Réponse % Correct
1961 Astérix le Gaulois
92%
1965 Astérix et Cléopâtre
83%
1966 Astérix chez les Bretons
78%
1965 Le Tour de Gaule d'Astérix
70%
1970 Astérix chez les Helvètes
68%
1969 Astérix en Hispanie
67%
1962 La Serpe d'or
65%
1979 Astérix chez les Belges
61%
1963 Astérix et les goths
61%
1968 Astérix aux Jeux olympiques
59%
1966 Astérix et les Normands
59%
1971 Le Domaine des dieux
59%
1973 Astérix en Corse
57%
1983 Le Fils d'Astérix
57%
1967 Astérix légionnaire
56%
1970 La Zizanie
56%
1975 La Grande Traversée
53%
1966 Le Combat des chefs
52%
1974 Le Cadeau de César
50%
1972 Le Devin
50%
1976 Obélix et Compagnie
49%
1964 Astérix gladiateur
48%
1980 Le Grand Fossé
48%
1972 Les Lauriers de César
47%
2013 Astérix chez les Pictes
46%
1991 La Rose et le Glaive
46%
1969 Astérix et le chaudron
43%
1968 Le Bouclier arverne
42%
2001 Astérix et Latraviata
41%
1987 Astérix chez Rahàzade
40%
1996 La Galère d'Obélix
36%
1981 L'Odyssée d'Astérix
33%
2005 Le ciel lui tombe sur la tête
26%
2003 Astérix et la Rentrée gauloise
16%
2009 L'Anniversaire d'Astérix et Obélix - Le Livre d'or
8%
Aucun quiz correspondant
Distribution des résultats
% des personnes avec chaque résultat
Percentile par nombre de réponses
Votre historique - résultats
Vous n’avez pas pris ce quiz